00847nam a2200217 a 4500001001000000003000500010005001700015008004100032010001100073011001100084040000900095100003700104245013000141260004100271500006000312502007400372650002700446650002100473650006500494856007000559000109540CHAP20220329144054.0140508s2013 mx a sm |||||||spa d a106002 a106974 cCHAP1 aRuiz Pascual, Moisés Alejandro10aHumedades artificiales para el tratamiento de aguas residuales domesticash[En línea]cpor Moisés Alejandro Ruiz Pascual. aChapingo, Méx. :bEl autor,c2013. aPara ver el contenido del material haga clic en la liga aTesis (Ing. Agr. Forestal) -- UACH. División de Ciencias Forestales14aAguaxContaminación.14aAguas residuales14aPlantas para tratamiento de aguaxDiseño y construcción. aFinding aiduhttp://10.13.5.2/tesis/sist109540.pdfzTeclea aquí